Математическое и имитационное моделирование (09.03.03, ЮТИ): электронный курс
| 1. Verfasser: | |
|---|---|
| Körperschaft: | |
| Zusammenfassung: | Заглавие с экрана В курсе раскрываются основные понятия, виды и методы математического и имитационного моделирования социально-экономических систем. Особое внимание уделяется приобретению практических навыков математического и имитационного моделирования с использованием современных программных средств и технологий Интерактивный мультимедиа ресурс AM_Login_TPU |
| Sprache: | Russisch |
| Veröffentlicht: |
Томск, TPU Moodle, 2025
|
| Schlagworte: | |
| Online-Zugang: | https://design.lms.tpu.ru/course/view.php?id=5118 |
| Format: | Elektronisch Buch |
| KOHA link: | https://koha.lib.tpu.ru/cgi-bin/koha/opac-detail.pl?biblionumber=681954 |
MARC
| LEADER | 00000nlm0a2200000 4500 | ||
|---|---|---|---|
| 001 | 681954 | ||
| 005 | 20250929094426.0 | ||
| 090 | |a 681954 | ||
| 100 | |a 20250927d2025 m||y0rusy50 ca | ||
| 101 | 0 | |a rus | |
| 102 | |a RU | ||
| 105 | |a a j 000yy | ||
| 135 | |a jrcn ---uucaa | ||
| 181 | 0 | |a i |b e | |
| 182 | 0 | |a b | |
| 183 | 0 | |a cr |2 RDAcarrier | |
| 200 | 1 | |a Математическое и имитационное моделирование (09.03.03, ЮТИ) |e электронный курс |f А. А. Захарова |g Национальный исследовательский Томский политехнический университет | |
| 203 | |a Текст |c электронный |b визуальный | ||
| 210 | |a Томск |c TPU Moodle |d 2025 | ||
| 283 | |a online_resource |2 RDAcarrier | ||
| 300 | |a Заглавие с экрана | ||
| 330 | |a В курсе раскрываются основные понятия, виды и методы математического и имитационного моделирования социально-экономических систем. Особое внимание уделяется приобретению практических навыков математического и имитационного моделирования с использованием современных программных средств и технологий | ||
| 336 | |a Интерактивный мультимедиа ресурс | ||
| 371 | 0 | |a AM_Login_TPU | |
| 606 | |a Математическое моделирование |9 61043 | ||
| 610 | 1 | |a электронный ресурс | |
| 610 | 1 | |a труды учёных ТПУ | |
| 610 | 1 | |a электронное обучение | |
| 610 | 1 | |a кампусные онлайн-курсы | |
| 610 | 1 | |a дистанционное образование | |
| 610 | 1 | |a дистанционное обучение | |
| 610 | 1 | |a e-learning | |
| 610 | 1 | |a Moodle | |
| 610 | 1 | |a имитационное моделирование | |
| 610 | 1 | |a математические модели | |
| 610 | 1 | |a компьютерные программы | |
| 675 | |a 519.876(075.8) |v 4 | ||
| 700 | 1 | |a Захарова |b А. А. |c специалист в области информатики и вычислительной техники |c профессор Юргинского технологического института (филиала) Томского политехнического университета, доктор наук |f 1976- |g Александра Александровна |9 9789 | |
| 712 | 0 | 2 | |a Национальный исследовательский Томский политехнический университет |b Юргинский технологический институт |c (2009- ) |9 26306 |4 570 |
| 801 | 0 | |a RU |b 63413507 |c 20250927 |g RCR | |
| 850 | |a 63413507 | ||
| 856 | 4 | |u https://design.lms.tpu.ru/course/view.php?id=5118 |z https://design.lms.tpu.ru/course/view.php?id=5118 | |
| 942 | |c CF | ||